000
00167nam a2200085Ia 4500
100
_a
#N/A
942
_c
BK
245
_a
Training Instruments in HRD AND OD
260
_b
#N/A
999
_c
31712
_d
31712